Animal Crossing: All types of fruit in the Animal Crossing series - Statistics

General Stats
  • This quiz has been taken 727 times
  • The average score is 13 of 17
Answer Stats
Fruit % Correct
Apple
98%
Perfect apple
97%
Orange
95%
Perfect orange
95%
Pear
94%
Peach
93%
Perfect peach
93%
Perfect pear
93%
Cherry
91%
Perfect cherry
90%
Coconut
89%
Banana
76%
Mango
51%
Lemon
46%
Durian
42%
Lychee
41%
Persimmon
27%
No matching quizzes found
Score Distribution
Percent of People with Each Score
Percentile by Number Answered
Your Score History
You have not taken this quiz